[Event "Sautron op 14th"]
[Site "Sautron"]
[Date "2014.10.26"]
[Round "1"]
[White "Le Pen, Steven"]
[Black "Guedon, Stephane"]
[Result "1/2-1/2"]
[WhiteElo "1937"]
[BlackElo "2214"]
[PlyCount "55"]
[EventDate "2014.10.26"]
[EventType "swiss"]
[EventRounds "9"]
[EventCountry "FRA"]
[SourceTitle "EXT 2016"]
[Source "ChessBase"]
[SourceDate "2015.10.08"]
[SourceVersion "1"]
[SourceVersionDate "2015.10.08"]
[SourceQuality "1"]

1. e4 c5 2. Nf3 d6 3. d4 cxd4 4. Nxd4 Nf6 5. Nc3 Nc6 6. Bg5 e6 7. Qd2 a6 8. 0-0-0 Bd7 9. f4 b5 10. a3 Qb6 11. Be2 Rc8 12. Bxf6 gxf6 13. f5 Nxd4 14. Qxd4 Bh6+ 15. Kb1 Qxd4 16. Rxd4 Bf4 17. g4 Ke7 18. Bf3 Be5 19. Rd3 Rc4 20. Nd1 Bc6 21. Ne3 Rxe4 22. Rhd1 Rc8 23. Bxe4 Bxe4 24. R3d2 Bf4 25. Re1 Rc5 26. Rf2 Be5 27. Ka2 d5 28. c3 1/2-1/2

[Event "Sautron op 14th"]
[Site "Sautron"]
[Date "2014.10.25"]
[Round "3"]
[White "Koziak, Vitali"]
[Black "Guedon, Stephane"]
[Result "1-0"]
[WhiteElo "2456"]
[BlackElo "2214"]
[PlyCount "71"]
[EventDate "2014.10.26"]
[EventType "swiss"]
[EventRounds "9"]
[EventCountry "FRA"]
[SourceTitle "EXT 2015"]
[Source "ChessBase"]
[SourceDate "2014.11.20"]
[SourceVersion "1"]
[SourceVersionDate "2014.11.20"]
[SourceQuality "1"]

1. d4 d5 2. c4 c6 3. Nf3 Nf6 4. Nc3 e6 5. g3 Nbd7 6. Bg2 Be7 7. 0-0 0-0 8. Nd2 b6 9. e4 Ba6 10. exd5 cxd5 11. Re1 Bb7 12. Nf1 Rc8 13. Ne3 Bb4 14. Bd2 Bxc3 15. Bxc3 Qc7 16. b3 Rfd8 17. Qe2 dxc4 18. Bxb7 Qxb7 19. bxc4 Qe4 20. Rac1 h5 21. Qd1 Ne5 22. dxe5 Rxd1 23. Nxd1 Qxc4 24. Bb2 Qa6 25. Rxc8+ Qxc8 26. exf6 gxf6 27. Bxf6 Qc2 28. Nc3 Qf5 29. Ne4 Qf3 30. h4 b5 31. Be5 a5 32. Nf6+ Kf8 33. Rc1 Ke7 34. Rc8 Qd1+ 35. Kg2 b4 36. Re8# 1-0

[Event "Syre Memorial op 36th"]
[Site "Issy les Moulineaux"]
[Date "2013.05.09"]
[Round "2"]
[White "Guedon, Stephane"]
[Black "Brunner, Nicolas"]
[Result "0-1"]
[WhiteElo "2199"]
[BlackElo "2412"]
[PlyCount "62"]
[EventDate "2013.05.08"]
[EventType "swiss"]
[EventRounds "7"]
[EventCountry "FRA"]
[SourceTitle "EXT 2015"]
[Source "ChessBase"]
[SourceDate "2014.11.20"]
[SourceVersion "1"]
[SourceVersionDate "2014.11.20"]
[SourceQuality "1"]

1. d4 d5 2. c4 e6 3. Nf3 Nf6 4. Bg5 dxc4 5. Nc3 c6 6. a4 Bb4 7. e4 Bxc3+ 8. bxc3 Qa5 9. e5 Ne4 10. Bd2 Qd5 11. Qb1 b5 12. Be2 0-0 13. 0-0 Bb7 14. Bxc4 bxc4 15. Qxb7 Nd7 16. Qb2 c5 17. Rfe1 cxd4 18. cxd4 Rab8 19. Qc2 Nxd2 20. Qxd2 a5 21. Ng5 Nc5 22. Ra3 Nd3 23. Rxd3 cxd3 24. Qxd3 f5 25. Nh3 Rb4 26. Nf4 Rxd4 27. Nxd5 Rxd3 28. Ne7+ Kf7 29. Nc6 Rd5 30. g3 Rc8 31. Na7 Rc4 0-1

[Event "Metz op 29th"]
[Site "Metz"]
[Date "2011.05.08"]
[Round "9"]
[White "Guedon, Stephane"]
[Black "Colson, Arnaud"]
[Result "1-0"]
[WhiteElo "2253"]
[BlackElo "2157"]
[PlyCount "103"]
[EventDate "2011.05.02"]
[EventType "swiss"]
[EventRounds "9"]
[EventCountry "FRA"]
[SourceTitle "CBM 142 Extra"]
[Source "ChessBase"]
[SourceDate "2011.06.27"]
[SourceVersion "1"]
[SourceVersionDate "2011.06.27"]
[SourceQuality "1"]

1. e4 c5 2. Nf3 d6 3. d4 cxd4 4. Nxd4 Nf6 5. Nc3 g6 6. Be3 Bg7 7. Be2 Nc6 8. Nb3 0-0 9. f4 Be6 10. g4 Na5 11. g5 Nd7 12. Bd4 a6 13. Bxg7 Kxg7 14. Qd4+ Kg8 15. 0-0-0 b5 16. h4 Qb6 17. h5 Nxb3+ 18. axb3 Qxd4 19. Rxd4 Rfc8 20. Bf3 Rab8 21. Nd5 Bxd5 22. Rxd5 Rc5 23. Rd2 Nf8 24. b4 Rc4 25. c3 Rbc8 26. Kb1 R8c7 27. Re1 Kg7 28. h6+ Kg8 29. Bd1 Ne6 30. Rf2 a5 31. Bb3 axb4 32. Bxc4 Rxc4 33. cxb4 Rxb4 34. Rc2 f6 35. Rc8+ Kf7 36. Rh8 Nf8 37. e5 dxe5 38. fxe5 fxg5 39. e6+ Nxe6 40. Rxh7+ Kf6 41. Rh1 Rh4 42. Rxh4 gxh4 43. Rxe7 Nf8 44. h7 Nxh7 45. Rxh7 g5 46. Kc2 Kg6 47. Rh8 Kf5 48. Kd2 Kf4 49. Ke2 Kg3 50. Kf1 g4 51. Kg1 h3 52. Rd8 1-0

[Event "Metz op 29th"]
[Site "Metz"]
[Date "2011.05.04"]
[Round "4"]
[White "Venkatesh, Marani Rajendran"]
[Black "Guedon, Stephane"]
[Result "1-0"]
[WhiteElo "2463"]
[BlackElo "2253"]
[PlyCount "55"]
[EventDate "2011.05.02"]
[EventType "swiss"]
[EventRounds "9"]
[EventCountry "FRA"]
[SourceTitle "CBM 142 Extra"]
[Source "ChessBase"]
[SourceDate "2011.06.27"]
[SourceVersion "1"]
[SourceVersionDate "2011.06.27"]
[SourceQuality "1"]

1. Nf3 c5 2. g3 Nc6 3. Bg2 Nf6 4. 0-0 d5 5. d3 e6 6. Nbd2 Be7 7. e4 0-0 8. Re1 b5 9. e5 Nd7 10. Nf1 a5 11. h4 b4 12. Bf4 a4 13. a3 bxa3 14. bxa3 Rb8 15. N1h2 Ba6 16. Ng5 Qe8 17. c4 Nb6 18. Ng4 Nd4 19. cxd5 Nxd5 20. Bxd5 Bxg5 21. Be4 Bxf4 22. Nf6+ gxf6 23. exf6 Kh8 24. Qh5 h6 25. gxf4 Rg8+ 26. Kh2 Rg6 27. Bxg6 Qf8 28. Be4 1-0

[Event "Montigny le Bretonneux Noel op 13th"]
[Site "Montigny le Bretonneux"]
[Date "2010.12.28"]
[Round "4"]
[White "Kambrath, Yannick"]
[Black "Guedon, Stephane"]
[Result "1/2-1/2"]
[WhiteElo "2044"]
[BlackElo "2206"]
[PlyCount "86"]
[EventDate "2010.12.26"]
[EventType "swiss"]
[EventRounds "7"]
[EventCountry "FRA"]
[SourceTitle "CBM 140 Extra"]
[Source "ChessBase"]
[SourceDate "2011.03.01"]
[SourceVersion "1"]
[SourceVersionDate "2011.03.01"]
[SourceQuality "1"]

1. d4 d5 2. c4 c6 3. Nf3 Nf6 4. Nc3 e6 5. e3 Nbd7 6. Bd3 dxc4 7. Bxc4 b5 8. Bd3 Bb7 9. a3 b4 10. Ne4 a5 11. 0-0 Be7 12. axb4 axb4 13. Rxa8 Qxa8 14. Nxf6+ Nxf6 15. e4 0-0 16. e5 Nd7 17. Bg5 Qd8 18. Bxe7 Qxe7 19. Be4 Ba6 20. Re1 c5 21. Qa4 Bc8 22. Qb5 cxd4 23. Nxd4 Qc5 24. Qd3 g6 25. f4 Rd8 26. Qe3 Nxe5 27. Nc2 Nd7 28. Rd1 Rf8 29. Qxc5 Nxc5 30. Bc6 b3 31. Nb4 Bb7 32. Bxb7 Nxb7 33. Rd3 Na5 34. Rc3 Rd8 35. Nd3 Rd5 36. Kf2 g5 37. g3 gxf4 38. gxf4 Kg7 39. Kf3 Kf6 40. Nc5 Kf5 41. Nxb3 Nxb3 42. Rxb3 f6 43. Ke3 Rd1 1/2-1/2

[Event "FRA-chT1 1011"]
[Site "France"]
[Date "2010.11.14"]
[Round "3.6"]
[White "Guedon, Stephane"]
[Black "Gachet, Sebastien"]
[Result "1-0"]
[WhiteElo "2206"]
[BlackElo "2313"]
[PlyCount "71"]
[EventDate "2010.10.17"]
[EventType "team-tourn"]
[EventRounds "11"]
[EventCountry "FRA"]
[SourceTitle "EXT 2012"]
[Source "ChessBase"]
[SourceDate "2011.11.24"]
[SourceVersion "1"]
[SourceVersionDate "2011.11.24"]
[SourceQuality "1"]

1. d4 Nf6 2. c4 g6 3. Nf3 Bg7 4. Nc3 0-0 5. e4 d6 6. Be2 e5 7. d5 a5 8. Bg5 h6 9. Bh4 Na6 10. Nd2 c6 11. 0-0 Qc7 12. Rc1 Nh7 13. Kh1 f5 14. exf5 gxf5 15. f4 e4 16. Nb3 c5 17. Na1 Bf6 18. Bxf6 Nxf6 19. Nb5 Qe7 20. Rc3 Bd7 21. Rh3 Kh7 22. Nc2 Nb4 23. Ne3 Nxa2 24. Qe1 Rg8 25. Qh4 Qf8 26. Nc7 Rg6 27. Nxa8 Qxa8 28. g4 Qc8 29. g5 Ng8 30. Bh5 Rg7 31. gxh6 Re7 32. Rg1 Qf8 33. Bg6+ Kh8 34. h7 Nf6 35. Bxf5 Bxf5 36. Qxf6+ 1-0

[Event "Corsica Masters op 13th"]
[Site "Bastia"]
[Date "2009.10.28"]
[Round "5"]
[White "Gruenfeld, Yehuda"]
[Black "Guedon, Stephane"]
[Result "1-0"]
[WhiteElo "2474"]
[BlackElo "2164"]
[PlyCount "53"]
[EventDate "2009.10.25"]
[EventType "swiss"]
[EventRounds "9"]
[EventCountry "FRA"]
[SourceTitle "EXT 2010"]
[Source "ChessBase"]
[SourceDate "2010.11.25"]
[SourceVersion "1"]
[SourceVersionDate "2010.11.25"]
[SourceQuality "1"]

1. e4 c5 2. Nf3 d6 3. d4 cxd4 4. Nxd4 Nf6 5. Nc3 Nc6 6. Bg5 e6 7. Qd2 a6 8. 0-0-0 Bd7 9. f4 b5 10. Bxf6 gxf6 11. Nxc6 Bxc6 12. Bd3 Qb6 13. Qe1 0-0-0 14. Kb1 b4 15. Ne2 d5 16. Ng3 h5 17. exd5 Bxd5 18. Qe2 Bb7 19. Be4 Bd6 20. Bxb7+ Qxb7 21. Nxh5 f5 22. h3 Bc7 23. Rhf1 a5 24. g4 a4 25. gxf5 exf5 26. Ng3 Rde8 27. Qd3 1-0

[Event "Saint Affrique op 15th"]
[Site "Saint Affrique"]
[Date "2007.??.??"]
[Round "8"]
[White "Collas, Didier"]
[Black "Guedon, Stephane"]
[Result "1-0"]
[WhiteElo "2458"]
[BlackElo "2222"]
[PlyCount "57"]
[EventDate "2007.07.21"]
[EventType "swiss"]
[EventRounds "9"]
[EventCountry "FRA"]
[SourceTitle "CBM 119 Extra"]
[Source "ChessBase"]
[SourceDate "2007.09.04"]
[SourceVersion "1"]
[SourceVersionDate "2007.09.04"]
[SourceQuality "1"]

1. e4 c5 2. Nf3 Nc6 3. d4 cxd4 4. Nxd4 Nf6 5. Nc3 d6 6. Bg5 e6 7. Qd2 a6 8. 0-0-0 Bd7 9. f4 Be7 10. Nf3 b5 11. Bxf6 gxf6 12. f5 Qa5 13. fxe6 fxe6 14. Kb1 0-0-0 15. g3 Kb8 16. Bh3 Rhe8 17. Qc1 Bc8 18. Ne2 d5 19. exd5 Nb4 20. Nc3 exd5 21. Bxc8 Rxc8 22. a3 Rxc3 23. bxc3 Nc6 24. Qf4+ Ka8 25. Rhe1 Qxa3 26. Qc7 Qxc3 27. Rd3 Qb4+ 28. Rb3 Qc5 29. Re6 1-0

[Event "Pic d'Anie op 3rd"]
[Site "Pic d'Anie"]
[Date "2006.08.11"]
[Round "5"]
[White "Parpinel, Mario"]
[Black "Guedon, Stephane"]
[Result "0-1"]
[WhiteElo "1770"]
[BlackElo "2228"]
[PlyCount "76"]
[EventDate "2006.08.07"]
[EventType "swiss"]
[EventRounds "7"]
[EventCountry "FRA"]
[SourceTitle "CBM 113 Extra"]
[Source "ChessBase"]
[SourceDate "2006.09.14"]
[SourceVersion "1"]
[SourceVersionDate "2006.09.14"]
[SourceQuality "1"]

1. e4 d5 2. exd5 Qxd5 3. Nc3 Qa5 4. d4 Nf6 5. Bc4 c6 6. Nge2 Bf5 7. Bd2 Nbd7 8. 0-0 e6 9. a3 Qd8 10. Bg5 Bd6 11. Ng3 Bg6 12. Nce4 Be7 13. Nxf6+ gxf6 14. Bh6 f5 15. Nh5 Nb6 16. Ng7+ Kd7 17. Bb3 Bg5 18. Bxg5 Qxg5 19. Qe2 Qf6 20. Nh5 Bxh5 21. Qxh5 Rag8 22. Rfe1 Rg5 23. Qh3 Kc7 24. Qf3 Qxd4 25. Rad1 Qg4 26. Qg3+ Qxg3 27. hxg3 c5 28. c4 h5 29. Re3 h4 30. gxh4 Rxh4 31. Rdd3 Rhg4 32. g3 f4 33. Rf3 Rg7 34. Kh2 fxg3+ 35. fxg3 Re4 36. Rd2 Nxc4 37. Rc2 Ne5 38. Rxc5+ Kd6 0-1

[Event "Saint Affrique op 14th"]
[Site "Saint Affrique"]
[Date "2006.??.??"]
[Round "8"]
[White "Collas, Didier"]
[Black "Guedon, Stephane"]
[Result "1/2-1/2"]
[WhiteElo "2453"]
[BlackElo "2228"]
[PlyCount "40"]
[EventDate "2006.07.21"]
[EventType "swiss"]
[EventRounds "9"]
[EventCountry "FRA"]
[SourceTitle "CBM 113 Extra"]
[Source "ChessBase"]
[SourceDate "2006.09.14"]
[SourceVersion "1"]
[SourceVersionDate "2006.09.14"]
[SourceQuality "1"]

1. e4 e6 2. d4 d5 3. Nc3 Bb4 4. e5 c5 5. Qg4 Ne7 6. dxc5 Bxc3+ 7. bxc3 0-0 8. Bd3 f5 9. exf6 Rxf6 10. Bg5 Rf7 11. Qg3 Qa5 12. Bxe7 Rxe7 13. Bxh7+ Kxh7 14. Qh4+ Kg8 15. Qxe7 Qxc3+ 16. Ke2 Bd7 17. Re1 Bb5+ 18. Kd1 Qa1+ 19. Kd2 Qd4+ 20. Kc1 Qa1+ 1/2-1/2

[Event "FRA-chT3 Gr12 0304"]
[Site "Loire"]
[Date "2004.03.14"]
[Round "6.1"]
[White "Bislimi, Agron"]
[Black "Guedon, Stephane"]
[Result "0-1"]
[WhiteElo "2100"]
[BlackElo "2209"]
[PlyCount "66"]
[EventDate "2003.10.12"]
[EventType "team"]
[EventRounds "9"]
[EventCountry "FRA"]
[SourceTitle "EXT 2008"]
[Source "ChessBase"]
[SourceDate "2007.11.25"]
[SourceVersion "1"]
[SourceVersionDate "2007.11.25"]
[SourceQuality "1"]

1. e4 e6 2. d4 d5 3. e5 c5 4. c3 Qb6 5. f4 Nc6 6. Nf3 Bd7 7. a4 Nh6 8. Bb5 Rc8 9. 0-0 cxd4 10. cxd4 Nf5 11. Kh1 h5 12. Nc3 h4 13. a5 Nxa5 14. Bxd7+ Kxd7 15. Qa4+ Nc6 16. Ne2 Bb4 17. Qd1 Kc7 18. Bd2 Kb8 19. Ra4 Qb5 20. Bxb4 Nxb4 21. Nc3 Qb6 22. Re1 Rc4 23. Ra3 Nc6 24. Na4 Qb4 25. Qa1 Ncxd4 26. Nxd4 Rxd4 27. Nc3 Rd2 28. Ne2 h3 29. Rf3 hxg2+ 30. Kg1 Qc5+ 31. Rf2 Rxh2 32. Qa3 Qxa3 33. bxa3 Rh1+ 0-1

[Event "FRA-chT3 Gr12 0304"]
[Site "Loire"]
[Date "2004.02.01"]
[Round "5.2"]
[White "Martin, Luc"]
[Black "Guedon, Stephane"]
[Result "0-1"]
[WhiteElo "2070"]
[BlackElo "2209"]
[PlyCount "38"]
[EventDate "2003.10.12"]
[EventType "team"]
[EventRounds "9"]
[EventCountry "FRA"]
[SourceTitle "EXT 2008"]
[Source "ChessBase"]
[SourceDate "2007.11.25"]
[SourceVersion "1"]
[SourceVersionDate "2007.11.25"]
[SourceQuality "1"]

1. e4 e6 2. d4 d5 3. Nc3 Bb4 4. exd5 exd5 5. Nf3 Nc6 6. Bb5 Nge7 7. Ne5 0-0 8. Nxc6 bxc6 9. Be2 Be6 10. 0-0 Nf5 11. Bf3 Qh4 12. g3 Qxd4 13. Qxd4 Nxd4 14. Bg2 Nxc2 15. Rb1 Bf5 16. Bd2 Rab8 17. b3 Rfe8 18. Rbc1 Ba3 19. Rcd1 Bd3 0-1